| 000 | 01056cam a22002531 4500 | ||
|---|---|---|---|
| 001 | hew67000005 | ||
| 003 | DLC | ||
| 005 | 20260227111515.0 | ||
| 008 | 770304s1966 dcua f100 0 eng c | ||
| 010 | _ahew67000005 | ||
| 040 |
_aU.S. Dept. of Health, Education, and Welfare. Library _cWMaUCS _dWMaUCS _dDLC |
||
| 050 | 0 | 0 |
_aLC4091 _b.N32 1966c |
| 111 | 2 |
_aNational Conference on Education of the Disadvantaged, _cWashington, D.C., _d1966. |
|
| 245 | 0 | 0 | _aReport. |
| 260 |
_a[Washington] _bU.S. Dept. of Health, Education, and Welfare, Office of Education _c[1966] |
||
| 300 |
_avii, 86 p. _billus. _c27 cm. |
||
| 500 | _a"OE-37004." | ||
| 500 | _aAt head of title: Title I, Elementary and secondary education act of 1965. | ||
| 500 | _a"Sponsored by the Office of Education." | ||
| 650 | 0 |
_aChildren with social disabilities _xEducation _zUnited States _vCongresses. |
|
| 710 | 1 |
_aUnited States. _bOffice of Education. |
|
| 740 | 0 | _aTitle I, Elementary and secondary education act of 1965. | |
| 740 | 0 | _aElementary and secondary education act of 1965. | |
| 999 |
_c34663 _d34663 |
||